| 000 | 00999nas a2200277 i 4500 | ||
|---|---|---|---|
| 001 | 2135 | ||
| 003 | ES-MaACL | ||
| 005 | 20250729062614.0 | ||
| 008 | 950801c1894 fr m| | 1 ||re d | ||
| 080 | _a44 | ||
| 245 | 0 | 0 |
_aRevue politique et parlementaire / _cdir. Marcel Fournier. |
| 260 |
_aParis : _bArmand Colin, _c1894- ( _fE. Capiomont et Cie) |
||
| 300 |
_a160 v. ; _c25 cm. |
||
| 310 | _aMensual | ||
| 362 | 0 | _aAño I, t. I (jul. 1894)- | |
| 500 | _aEl t. VI es índice de los años 1894-95. | ||
| 500 | _aEl t. XXIV es índice de los años 1894-1900. | ||
| 500 | _aEl t. XXXVIII es índice de 1903. | ||
| 650 | 7 |
_aPolítica _2embne _9140345 |
|
| 700 | 0 |
_aFournier, Marcel. _951985 |
|
| 700 | 0 |
_aFaure, Fernand. _948960 |
|
| 700 | 1 |
_aJulia, Edouard, _edir. _9194401 |
|
| 852 |
_aES-MaACL _jHem-443 |
||
| 866 | 0 | _o1894-1907 (1908 f.t.LVII) 1909-1910 (1911 f.t.LXVII) 1912-1928 (1929 f.t. CXXXVIII y CXXXXIX) (1930 f. mar.)1931-1934 (1935) (1936 f. ene.) | |
| 999 |
_c2135 _d2135 |
||